वी.के.कृष्ण मेनन / (Record no. 117812)
[ view plain ]
| 000 -LEADER | |
|---|---|
| fixed length control field | 01251nam a22002657a 4500 |
| 005 - DATE AND TIME OF LATEST TRANSACTION | |
| control field | 20170124103101.0 |
| 010 ## - LIBRARY OF CONGRESS CONTROL NUMBER | |
| LC control number | B-137102 |
| 020 ## - INTERNATIONAL STANDARD BOOK NUMBER | |
| Terms of availability | 95.00 |
| International Standard Book Number | 8123012144 |
| 035 ## - SYSTEM CONTROL NUMBER | |
| System control number | B-137102 |
| 037 ## - SOURCE OF ACQUISITION | |
| Source of stock number/acquisition | Cen Lib/Ret |
| 040 ## - CATALOGING SOURCE | |
| Original cataloging agency | DPL |
| Language of cataloging | HN |
| 082 ## - DEWEY DECIMAL CLASSIFICATION NUMBER | |
| Classification number | 921 |
| Item number | कुटटी |
| 100 ## - MAIN ENTRY--PERSONAL NAME | |
| Personal name | कुटटी, वी.के.माधवन |
| 9 (RLIN) | 76945 |
| 245 ## - TITLE STATEMENT | |
| Title | वी.के.कृष्ण मेनन / |
| Statement of responsibility, etc | वी.के.माधवन कुटटी ; अनुवादक प्रदीप पंत |
| 246 ## - VARYING FORM OF TITLE | |
| Title proper/short title | V.K.Krishn Menan / |
| Remainder of title | by V.K.Madhvan Kutti ; anuvadak Pradeep Pant |
| 260 ## - PUBLICATION, DISTRIBUTION, ETC. (IMPRINT) | |
| Place of publication, distribution, etc | नई दिल्ली |
| Name of publisher, distributor, etc | सूचना और प्रसारण मंत्रालय |
| Date of publication, distribution, etc | 2005 |
| 270 ## - ADDRESS | |
| City | नई दिल्ली |
| Address | पटियाला हाउस |
| Postal code | 110001 |
| 300 ## - PHYSICAL DESCRIPTION | |
| Extent | xvii,179पृ. |
| Dimensions | 21सेमी(सजिल्द) |
| 650 ## - SUBJECT ADDED ENTRY--TOPICAL TERM | |
| Topical term or geographic name as entry element | हिन्दी -- साहित्य |
| 9 (RLIN) | 76946 |
| 650 ## - SUBJECT ADDED ENTRY--TOPICAL TERM | |
| Topical term or geographic name as entry element | हिन्दी -- जीवनी - वी.के.कृष्ण मेनन |
| 9 (RLIN) | 76947 |
| 650 ## - SUBJECT ADDED ENTRY--TOPICAL TERM | |
| Topical term or geographic name as entry element | Hindi literature |
| 9 (RLIN) | 76948 |
| 650 ## - SUBJECT ADDED ENTRY--TOPICAL TERM | |
| Topical term or geographic name as entry element | Hindi - Biography - V.K.Krishna Menon |
| 9 (RLIN) | 76949 |
| 700 ## - ADDED ENTRY--PERSONAL NAME | |
| Personal name | पंत, प्रदीप |
| 9 (RLIN) | 76950 |
| 942 ## - ADDED ENTRY ELEMENTS (KOHA) | |
| Source of classification or shelving scheme | Dewey Decimal Classification |
| Koha item type | Hindi Books |
| Classification part | 921 |
| Call number suffix | कुटटी |
| Withdrawn status | Lost status | Damaged status | Not for loan | Home library | Current library | Date acquired | Source of acquisition | Cost, normal purchase price | Total Checkouts | Full call number | Barcode | Date last seen | Date checked out | Copy number | Cost, replacement price | Price effective from | Koha item type | Source of classification or shelving scheme | Collection code |
|---|---|---|---|---|---|---|---|---|---|---|---|---|---|---|---|---|---|---|---|
| Central Library | Central Library | 08/09/2015 | Cen Lib/Ret | 95.00 | 2 | 921 कुटटी | B-137102 | 02/01/2023 | 19/12/2022 | 1 | 95.00 | 08/09/2015 | Hindi Books | ||||||
| Sarojini Nagar | Sarojini Nagar | 16/10/2021 | 921 कुटटी | B-137108 | 16/10/2021 | 16/10/2021 | Hindi Books | Dewey Decimal Classification | Non-fiction |
